A NEW era in Malaysian forestry

Bibliographic Details
Other Authors: Abdul Manap Ahmad, Sastry, SRIVASTAVA
Format: Book
Published: Serdang, Selangor : UPM Press , 1977
Subjects:

MARC

LEADER 00000cam a2200000 7i4500
001 0000000157
005 20140419.0
090 0 0 |a 634.909595   |b NEW 1977 
245 0 2 |a A NEW era in Malaysian forestry   |c edited by C.B. Sastry, P.B.L. Srivastava and Abdul Manap Ahmad 
260 0 0 |a Serdang, Selangor :   |b UPM Press ,   |c 1977 
300 |a 323 p. :   |b ill., maps ;   |c 24 cm. 
500 0 0 |a Includes bibliographical references 
650 0 0 |a Forests and forestry   |z Malaysia 
700 0 1 |a Abdul Manap Ahmad 
700 0 1 |a Sastry   |h Cherla B. 
700 0 1 |a SRIVASTAVA   |h Prem B. L. 
998 |a JPSM 
999 |a 0000001337   |b Monograph   |c Open Shelf   |e Default branch